000 01672nam a22006010a 4500
001 UByD001355
003 AR-LpoUNG
005 20230415104005.0
008 230414s2022||||bl |||||||||||||||||por d
020 _a9786556521602
040 _aAR-LpoUNG
_bspa
_cAR-LpoUNG
_eaacr
041 _apor
044 _abl
082 0 _a980.04 958his
100 1 _aMüller, Angélica
_eorg.
245 1 4 _aHistória do tempo presente :
_bmutações e reflexões
250 _a1ra. ed.
260 _aFGV :
_bRío de Janeiro,
_c2022.
300 _a270 p.
650 4 _aAMERICA LATINA
650 4 _aANALISIS HISTORICO
650 4 _aASPECTOS CULTURALES
650 4 _aASPECTOS POLITICOS
650 4 _aASPECTOS SOCIALES
650 4 _aHISTORIOGRAFIA
650 4 _aINVESTIGACION HISTORICA
650 4 _aESTADO
650 4 _aGOBIERNO
650 4 _aHISTORIA SOCIAL
650 4 _aIDENTIDAD CULTURAL
650 4 _aPOLITICA
650 4 _aPROBLEMA SOCIAL
650 4 _aTERRORISMO
653 4 _aFAKE NEWS
700 1 _aFerreira, Marieta de Morae
_epref.
700 1 _aIegelski, Francine
700 1 _aFazio Vengoa, Hugo
700 1 _aFranco, Marina
700 1 _aLvovich, Daniel
700 1 _aAllier Montaño, Eugenia
700 1 _aFerrero Higuera, Laura Andrea
700 1 _aFávero Arend, Silvia Maria
700 1 _aLohn, Reinaldo Lindolfo
700 1 _aHartog, François
700 1 _aTurin, Rodrigo
700 1 _aPereira, Mateus Henrique de Faria
700 1 _aLima Nicodemo, Thiago
700 1 _aLopes de Araujo, Valdei
700 1 _aDe Baets, Antoon
700 1 _aProchasson, Christophe
905 _a62067
942 _cLIB
_2ddc
999 _c63912
_d63912